00826nam a22002415a 450000500170000000800410001701000140005802000260007203500130009803700150011104000180012608200110014410000220015524500400017726000320021727000880024930000220033750000200035965000200037994200250039999900170042495201430044120090829112415.0090121s2009 ii 010 0 eng d aENG-94964 c150.00a9789380000398 aEN-78497 aDBAD / PUB adplbEnglish  a631.41 aEdison Raj, C.L.  aSoil analysis cby C.L. Edison Raj  aChennai bThe Parkar c2007 a293, Ahamed Complex, 2nd Floor, Royapettah High Road, Royapettah bChennai e600014 a188p.c22cm(pbk)  aIncludes index  aSoilsxAnalysis 2ddccENmEDIh631.41 c29779d29779 00102ddc40718NFICaDBADbDBADd2009-08-29eDBAD / PUBg150.00l0o631.41 EDIpEN-78497r2009-08-29 00:00:00t1v150.00w2009-08-29yEN